banner-ar

محمد بن عبد الله صلى الله عليه و سلم (اقرا 521 ) / (Record no. 48549)

MARC details
000 -الفاتح
حقل البيانات ثابتة الطول 00410nam a2200145Ia 4500
008 - عناصر البيانات ثابتة الطول - معلومات عامة
حقل البيانات ثابتة الطول 140319s9999 xx 000 0 ara d
040 ## - مصدر الفهرسة
وكالة الفهرسة الأصلية GCL /
وكالة النسخ GCL
082 04 - رقم تصنيف ديوى العشرى
رقم التصنيف د
رقم المادة 050
100 1# - المدخل الرئيسى - إسم شخصى
الإسم الشخصى السيد فرج
245 10 - بيان العنوان
العنوان محمد بن عبد الله صلى الله عليه و سلم (اقرا 521 ) /
بيان المسئوليه,etc السيد فرج
700 1# - المدخل الاضافى - اسم شخصى
الإسم الشخصى الكاتب
300 ## - الوصف المادى
التعداد 159 ص
490 ## - بيان السلسلة
عنوان السلسلة اقرأ
رقم المجلد/ التعيين التسلسلي 0
Holdings
حالة التراجع حالة الفقد حالة تلف ليس للاعارة المكان المؤقت الموقع الحالى تاريخ الاكتساب اجمالي اﻻعارات رقم الطلب الباركود تاريخ اخر مشاهدة تاريخ تفعيل السعر نوع وعاء كوها
        مكتبة القاهرة الكبرى مكتبة القاهرة الكبرى 03/26/2014   د\050 117230 03/26/2014 03/26/2014 كتاب

Powered By

EGPV